Wszystkie miasta w dawnej Jugosławii powyżej 70k mieszkańców - Statystyki

Ogólne statystyki
  • Ten quiz został rozwiązany 86 razy
  • Średni wynik to 14 z 24
Statystyki odpowiedzi
Państwo Miasto Ludność % Poprawnych
Serbia Belgrad 1 273 651
100%
Bośnia i Hercegowina Sarajewo 348 363
99%
Macedonia Północna Skopje 491 000
99%
Chorwacja Zagrzeb 792 875
99%
Słowenia Lublana 286 745
97%
Kosowo Prisztina 207 477
96%
Czarnogóra Podgorica 150 977
93%
Chorwacja Split 178 102
89%
Serbia Nowy Sad 341 625
86%
Chorwacja Rijeka 128 624
71%
Słowenia Maribor 96 211
69%
Bośnia i Hercegowina Banja Luka 135 059
61%
Serbia Nisz 260 237
59%
Chorwacja Zadar 75 082
53%
Chorwacja Osijek 108 048
49%
Serbia Kragujevac 150 835
27%
Serbia Subotica 141 554
27%
Kosowo Prizren 179 367
21%
Bośnia i Hercegowina Zenica 70 553
21%
Bośnia i Hercegowina Tuzla 74 457
20%
Macedonia Północna Bitola 73 100
17%
Serbia Čačak 73 331
9%
Macedonia Północna Kumanowo 72 200
7%
Serbia Zrenjanin 76 511
7%
Nie znaleziono quizów pasujących do podanych kryteriów
Rozkład punktacji
Procent ludzi z każdym wynikiem
Percentyl według liczby udzielonych odpowiedzi
Twoja historia wyników
Nie rozwiązałeś tego quizu